Gaming Quiz

Random Gaming or Role Quiz
Score 0/16 Timer 10:00
0 Plays Today
Question Answer % Correct
Main male protagonistNathan Drake
99.3%
Main elderly protagonistVictor Sullivan
98%
Female protagonistElena Fisher
96.3%
Main female pro/antagonistChloe Frazer
83%
Camera man, protagonistJeff
76.4%
Tibetan protagonistTenzin
75.4%
Main pirate antagonistEddy Raja
69.3%
Main antagonist sidekickHarry Flynn
65.1%
Question Answer % Correct
Main elderly AntagonistGabriel Roman
62.2%
Main antagonistZoran Lazarevic
56%
Nazi protagonistKarl Schafer
55.3%
Saudi Arabian protagonistSalim
44.2%
Main British protagonistCharlie Cutter
37.3%
Pirate antagonistRamses
32.7%
Soldier leaderLieutenant Draza
19.9%
Main antagonist found in slumsAtog Navarro
11.5%
Remove Ads.
Support Sporcle.
Get the best of Sporcle when you Go Orange. This ad-free experience offers more features, more stats, and more fun while also helping to support Sporcle. Thank you for becoming a member.

You're not logged in!

Compare scores with friends on all Sporcle quizzes.
OR
Log In

Show Comments

Extras

Created Jan 8, 2013ReportNominate
Tags:Role Quiz, Character, Uncharted

Top Quizzes Today


Score Distribution

Your Account Isn't Verified!

In order to create a playlist on Sporcle, you need to verify the email address you used during registration. Go to your Sporcle Settings to finish the process.

Report this User

Report this user for behavior that violates our Community Guidelines.

Details: